[Event "GER-ch U12"]
[Site "Willingen"]
[Date "2021.08.27"]
[Round "7"]
[White "Theviot, Luca"]
[Black "Uyar, Levin"]
[Result "0-1"]
[WhiteElo "1417"]
[BlackElo "1048"]
[PlyCount "94"]
[EventDate "2021.08.22"]
[EventType "swiss"]
[EventRounds "9"]
[EventCountry "GER"]
[SourceTitle "EXT 2022"]
[Source "ChessBase"]
[SourceDate "2021.10.06"]
[SourceVersion "1"]
[SourceVersionDate "2021.10.06"]
[SourceQuality "1"]

1. d4 Nf6 2. Bf4 d5 3. e3 Bf5 4. c4 Nc6 5. Nc3 e6 6. Nf3 Bb4 7. Rc1 0-0 8. a3 Bd6 9. Bg3 Re8 10. c5 Bxg3 11. hxg3 Bg4 12. Qc2 Bf5 13. Bd3 Bxd3 14. Qxd3 e5 15. dxe5 Nxe5 16. Nxe5 Rxe5 17. Qd4 Re6 18. Kf1 c6 19. Qh4 h6 20. g4 Ne4 21. Nxe4 Qxh4 22. Rxh4 Rxe4 23. Ke2 Rae8 24. Rc3 d4 25. Rd3 f5 26. Kf3 dxe3 27. Rxe3 fxg4+ 28. Rxg4 Rxe3+ 29. fxe3 Re5 30. b4 Kf7 31. Rf4+ Ke6 32. Rf8 Rf5+ 33. Rxf5 Kxf5 34. e4+ Ke5 35. Ke3 h5 36. a4 a6 37. Kf3 g5 38. g4 hxg4+ 39. Kxg4 Kxe4 40. Kxg5 Kd5 41. Kf6 a5 42. bxa5 Kxc5 43. Ke6 Kb4 44. a6 bxa6 45. Kd6 c5 46. Kc6 c4 47. Kb6 a5 0-1

[Event "GER-ch U10"]
[Site "Willingen"]
[Date "2020.10.29"]
[Round "4"]
[White "Nemitz, Alfred"]
[Black "Theviot, Luca"]
[Result "1/2-1/2"]
[WhiteElo "1287"]
[BlackElo "1423"]
[PlyCount "147"]
[EventDate "2020.10.26"]
[EventType "swiss"]
[EventRounds "7"]
[EventCountry "GER"]
[SourceTitle "CBM 199 Extra"]
[Source "ChessBase"]
[SourceDate "2021.01.31"]
[SourceVersion "1"]
[SourceVersionDate "2021.01.31"]
[SourceQuality "1"]

1. e4 d6 2. d4 Nf6 3. Nc3 e5 4. dxe5 dxe5 5. Qxd8+ Kxd8 6. Bc4 Be6 7. Bxe6 fxe6 8. f3 Bd6 9. Nh3 Ke7 10. Nf2 Nbd7 11. Nd3 a6 12. a4 h6 13. Be3 Rhf8 14. 0-0-0 Rab8 15. Ba7 Ra8 16. Be3 b6 17. b4 Nh5 18. Ne2 g5 19. h4 Nf4 20. Nexf4 gxf4 21. Bf2 Rg8 22. Rhg1 Rg7 23. g4 fxg3 24. Rxg3 Rxg3 25. Bxg3 Rf8 26. Rf1 h5 27. Kd2 Rg8 28. Rg1 a5 29. bxa5 bxa5 30. Bf2 Rxg1 31. Bxg1 Nb6 32. Bxb6 cxb6 33. Ne1 Bb4+ 34. c3 Bc5 35. Ng2 Kd6 36. Kd3 Kc6 37. Kc4 Bf2 38. f4 Bg3 39. fxe5 Bxe5 40. Ne3 Bg3 41. Ng2 e5 42. Kb3 b5 43. Ka3 Kc5 44. axb5 Kxb5 45. Kb3 a4+ 46. Ka3 Kc4 47. Ne3+ Kxc3 48. Nf5 Bf2 49. Ng7 Bxh4 50. Nxh5 Kd4 51. Kxa4 Kxe4 52. Ng7 Kd3 53. Nf5 Bg5 54. Kb5 Ke4 55. Nd6+ Kd5 56. Nf5 e4 57. Kb4 Ke5 58. Ng3 e3 59. Kc3 Kf4 60. Ne2+ Kf3 61. Kd3 Kf2 62. Nc1 Bf6 63. Ne2 Bb2 64. Nf4 Kf3 65. Ne2 Ba3 66. Nd4+ Kf2 67. Ne2 Bb2 68. Nf4 Kf3 69. Ne2 Ba1 70. Ng1+ Kf2 71. Ne2 Bb2 72. Nf4 Bc1 73. Ne2 Bd2 74. Nd4 1/2-1/2

[Event "GER-ch U10"]
[Site "Willingen"]
[Date "2019.06.14"]
[Round "9"]
[White "Herrmann, Jakob"]
[Black "Theviot, Luca"]
[Result "0-1"]
[WhiteElo "1124"]
[BlackElo "1276"]
[PlyCount "108"]
[EventDate "2019.06.08"]
[EventType "swiss"]
[EventRounds "11"]
[EventCountry "GER"]
[SourceTitle "CBM 191 Extra"]
[Source "ChessBase"]
[SourceDate "2019.09.30"]
[SourceVersion "1"]
[SourceVersionDate "2019.09.30"]
[SourceQuality "1"]

1. e4 c5 2. Nf3 Nc6 3. c3 Nf6 4. e5 Nd5 5. d4 cxd4 6. cxd4 d6 7. Bc4 Nb6 8. Bb3 dxe5 9. dxe5 Qxd1+ 10. Bxd1 Bg4 11. 0-0 0-0-0 12. Bf4 g6 13. h3 Bxf3 14. Bxf3 Bg7 15. Bg4+ e6 16. Re1 Nd5 17. Bh2 h5 18. Bf3 Rd7 19. Na3 a6 20. Nc4 Kc7 21. Bxd5 Rxd5 22. Nd6 Nd8 23. Rac1+ Kd7 24. f4 Bf8 25. Ne4 Be7 26. Red1 Nc6 27. Rxd5+ exd5 28. Rd1 Ke6 29. Nc3 Rd8 30. a3 Bc5+ 31. Kf1 b5 32. Bg1 Bxg1 33. Kxg1 Na5 34. Ne4 Rc8 35. Nf6 Rd8 36. Kf2 Nc4 37. Rb1 d4 38. Ne4 d3 39. Ke1 d2+ 40. Ke2 Nxb2 41. Nxd2 Na4 42. g3 Nc3+ 43. Ke3 Nxb1 44. Nxb1 g5 45. Nc3 gxf4+ 46. gxf4 Rg8 47. Ne4 a5 48. Kf3 b4 49. a4 Rb8 50. Nc5+ Kd5 51. Nb3 Ra8 52. Ke3 Kc4 53. Nd2+ Kc3 54. Ne4+ Kc2 0-1